000 00679nam a2200241Ia 4500
003 OSt
005 20220923224056.0
006 a|||||r|||| 00| 0
007 ta
008 Pun
024 _a224,692
037 _cTextual
040 _aARTS
_cARTS
_bPun
041 _2Pun
_aPun
082 _aO153w, P2
100 _aਸੁਕੀਰਤ
245 0 _aਗੱਲਾਂ ਤੇਰੀਆਂ ਤੇ ਕੁਝ ਮੇਰੀਆਂ
260 _aਦਿੱਲੀ
_b ਨਵਯੁਗ ਪਬਲੀFਰਗ਼
_c2002
300 _a147ਪੰ
_ccm.
650 _aਪੰਜਾਬੀ ਸਾਹਿਤ
942 _hO153w, P2
_cTEXL
_2CC
999 _c369058
_d369058